00517nam a22001817a 450000500170000000800410001704000070005804100120006508200210007710000250009824500310012326000400015430000320019436500540022644000130028065000080029365000340030120241212163402.0241212b ||||| |||| 00| 0 eng d cAL aEnglish 223a348.04bEASS aEastern Book Company aSupreme Court Cases: Vol 4 aLucknowbEastern Book Companyc1983 axviii,738 p.bHBc24x16 cm. a1061b₹959.52c₹d₹1279.36e25%f28-11-2024 aVolume 4 aLaw aMode of Citation (1983) 4 SCC